Mi manual del bebé : (Registro nro. 7314)
[ vista simple ]
| 000 -LEADER | |
|---|---|
| fixed length control field | 00948nam a22002417a 4500 |
| 003 - CONTROL NUMBER IDENTIFIER | |
| control field | OSt |
| 005 - DATE AND TIME OF LATEST TRANSACTION | |
| control field | 20210224123738.0 |
| 008 - FIXED-LENGTH DATA ELEMENTS--GENERAL INFORMATION | |
| fixed length control field | 210224s2014 ck ao||gr|||| 00| 0 spa d |
| 020 ## - INTERNATIONAL STANDARD BOOK NUMBER | |
| International Standard Book Number | 9789589926413 |
| 040 ## - CATALOGING SOURCE | |
| Original cataloging agency | CO-JMCR |
| Transcribing agency | CO-JMCR |
| 041 0# - LANGUAGE CODE | |
| Language code of text/sound track or separate title | spa |
| 082 ## - DEWEY DECIMAL CLASSIFICATION NUMBER | |
| Classification number | 618.9201 / |
| Item number | F293m |
| Edition number | 23 |
| 110 2# - MAIN ENTRY--CORPORATE NAME | |
| Corporate name or jurisdiction name as entry element | Federación Colombiana de Obstetricia y Ginecología |
| 9 (RLIN) | 13871 |
| 245 10 - TITLE STATEMENT | |
| Title | Mi manual del bebé : |
| Remainder of title | guiados por amor, inspirados por el conocimiento / |
| Statement of responsibility, etc. | Federación Colombiana de Obstetricia y Ginecología |
| 250 ## - EDITION STATEMENT | |
| Edition statement | Primera edición |
| 260 ## - PUBLICATION, DISTRIBUTION, ETC. | |
| Place of publication, distribution, etc. | Bogotá : |
| Name of publisher, distributor, etc. | Panamericana, |
| Date of publication, distribution, etc. | 2014 |
| 300 ## - PHYSICAL DESCRIPTION | |
| Extent | 104 páginas : |
| Other physical details | ilustraciones, fotografías a color ; |
| Dimensions | 19 cm. |
| 505 0# - FORMATTED CONTENTS NOTE | |
| Formatted contents note | Embarazo -- Parto y posparto -- Rocíen nacido -- Lactancia -- Desarrollo -- Nutrición -- Salud bebé |
| 650 24 - SUBJECT ADDED ENTRY--TOPICAL TERM | |
| Topical term or geographic name entry element | Neonatología |
| General subdivision | Manuales |
| 9 (RLIN) | 13872 |
| 650 24 - SUBJECT ADDED ENTRY--TOPICAL TERM | |
| Topical term or geographic name entry element | Niños recién nacidos |
| General subdivision | Manuales |
| 9 (RLIN) | 13873 |
| 650 24 - SUBJECT ADDED ENTRY--TOPICAL TERM | |
| Topical term or geographic name entry element | Embarazo |
| General subdivision | Manuales |
| 9 (RLIN) | 13874 |
| 942 ## - ADDED ENTRY ELEMENTS (KOHA) | |
| Source of classification or shelving scheme | Dewey Decimal Classification |
| Koha item type | Books |
No hay ítems disponibles.